Droit de la consommation / (Record no. 64613)

MARC details
000 -LEADER
campo de control de longitud fija 00871cam a2200301Mi 4500
001 - NÚMERO DE CONTROL
campo de control 92528
005 - FECHA Y HORA DE LA ÚLTIMA TRANSACCIÓN
campo de control 20230410123609.0
008 - DATOS DE LONGITUD FIJA--INFORMACIÓN GENERAL
campo de control de longitud fija 060505s2006 fr f 000 0 fre d
029 1# - OTRO NÚMERO DE CONTROL DE SISTEMA (OCLC)
Identificador de la biblioteca OCLC ZWZ
Número de control de sistema 108103439
035 ## - NÚMERO DE CONTROL DEL SISTEMA
Número de control de sistema (OCoLC)421497054
050 14 - SIGNATURA TOPOGRÁFICA DE LA BIBLIOTECA DEL CONGRESO
Número de clasificación KJV 5622
Número de ítem C141d 2006
082 1# - NÚMERO DE LA CLASIFICACIÓN DECIMAL DEWEY
Número de clasificación 343.41
Número de edición 21
082 1# - NÚMERO DE LA CLASIFICACIÓN DECIMAL DEWEY
Número de clasificación 378.34
Número de edición 21
082 1# - NÚMERO DE LA CLASIFICACIÓN DECIMAL DEWEY
Número de clasificación 340
Número de edición 21
100 1# - ENTRADA PRINCIPAL--NOMBRE DE PERSONA
Nombre de persona Calais-Auloy, Jean.
245 10 - MENCIÓN DEL TÍTULO
Título Droit de la consommation /
Mención de responsabilidad, etc. Jean Calais-Auloy, Frank Steinmetz.
250 ## - MENCION DE EDICION
Mención de edición 7e éd.
260 ## - PUBLICACIÓN, DISTRIBUCIÓN, ETC.
Lugar de publicación, distribución, etc. Paris :
Nombre del editor, distribuidor, etc. Dalloz,
Fecha de publicación, distribución, etc. 2006.
300 ## - DESCRIPCIÓN FÍSICA
Extensión VIII-681 p. ;
Dimensiones 21 x 15 cm.
490 0# - MENCIÓN DE SERIE
Mención de serie Précis Dalloz,
Número Internacional Normalizado para Publicaciones Seriadas 0768-0813.Droit privé
504 ## - NOTA DE BIBLIOGRAFÍA, ETC.
Nota de bibliografía, etc. Bibliogr. Index.
700 1# - ENTRADA AGREGADA--NOMBRE PERSONAL
Nombre de persona Steinmetz, Frank.
760 1# - ENLACE A UNA SERIE PRINCIPAL
Título Précis Dalloz. Droit privé
Número Internacional Normalizado para Publicaciones Seriadas 0768-0813
886 2# - INFORMACIÓN DE CAMPO MARC FORÁNEO
2 unimarc
a 801
b 3
a FR
b Electre
c 20060825
g AFNOR
942 ## - ELEMENTOS DE ENTRADA SECUNDARIOS (KOHA)
Fuente del sistema de clasificación o colocación Clasificación de Library of Congress
Tipo de ítem Koha
946 ## - PROCESAMIENTO DE INFORMACIÓN LOCAL (OCLC)
a mfcruz
994 ## -
-- C0
-- DRFGD
Holdings
Estatus retirado Estado de pérdida Fuente del sistema de clasificación o colocación Estado de daño No para préstamo Colección Biblioteca de origen Biblioteca actual Ubicación en estantería Fecha de adquisición Serial enumeration / chronology Signatura topográfica completa Código de barras Visto por última vez Copia número Tipo de ítem Koha
    Clasificación de Library of Congress     Ciencias Sociales Biblioteca Juan Bosch Biblioteca Juan Bosch Ciencias Sociales (3er. Piso) 10/04/2023 1 KJV 5622 C141d 2006 00000086077 24/10/2018 1